| 000 | 01056cam a22003131 4500 | ||
|---|---|---|---|
| 001 | 30742 | ||
| 003 | BD-RjUL | ||
| 005 | 20211209051617.0 | ||
| 008 | 190303s1916 enk i 001 0 eng | ||
| 035 | _a(BD-RjUL) | ||
| 035 | _a(OCoLC)2825814 | ||
| 040 |
_aDLC _cIDeKN _dOCoLC _dDLC _beng |
||
| 041 | _aeng | ||
| 042 | _apremarc | ||
| 082 |
_223 _a270.089 _bNAT 1916 |
||
| 100 | 1 |
_aMacdonald, A. J. _q(Allan John) _9228842 |
|
| 245 | 1 | 0 |
_aTrade politics and Christianity in Africa and the East / _cby A. J. Macdonald ... with an introductin by Sir Harry Johnston. |
| 260 |
_aLondon, _aNew York : _bLongmans, Green and co., _c1916. |
||
| 300 |
_axxi, 295, [1] p. _c23 cm. |
||
| 500 | _a"Awarded the Maitland prize at Cambridge in 1915."--Pref. | ||
| 650 | 0 |
_aRace relations. _9228843 |
|
| 650 | 0 |
_aIndigenous peoples. _9228844 |
|
| 650 | 0 |
_aMissions. _9228845 |
|
| 700 | 1 |
_aJohnston, Harry Hamilton, _d1858-1927. _9228846 |
|
| 906 |
_a7 _bcbc _coclcrpl _du _encip _f19 _gy-gencatlg |
||
| 942 |
_2ddc _cBK |
||
| 999 |
_c30742 _d30742 |
||